[Event "Graz op-B"]
[Site "Graz"]
[Date "2006.09.19"]
[Round "4.4"]
[White "Legenstein, Robert"]
[Black "Bornet, Rene"]
[Result "0-1"]
[WhiteElo "1966"]
[BlackElo "1906"]
[PlyCount "80"]
[EventDate "2006.09.16"]

1. e4 g6 2. d4 Bg7 3. Nc3 c6 4. f4 d5 5. e5 h5 6. Nf3 Bg4 7. Be3 e6 8. h3 Bxf3
9. Qxf3 Ne7 10. Bd3 Nd7 11. Ne2 Qb6 12. O-O Nf5 13. Bf2 O-O 14. Bxf5 exf5 15.
c4 dxc4 16. d5 Qc7 17. d6 Qc8 18. Rfe1 Re8 19. Nd4 Nc5 20. Nxf5 Qxf5 21. Bxc5
b6 22. Bd4 Qd7 23. Rac1 b5 24. b3 cxb3 25. axb3 Rec8 26. Rc2 a5 27. Bb6 a4 28.
b4 Bh6 29. g4 hxg4 30. hxg4 f6 31. Qd3 fxe5 32. Qxg6+ Bg7 33. Rxe5 Re8 34. Rce2
Rxe5 35. Rxe5 Qf7 36. Qxf7+ Kxf7 37. Re7+ Kf8 38. Ra7 Rxa7 39. Bxa7 Ke8 40. f5
a3 0-1

[Event "Graz op-B"]
[Site "Graz"]
[Date "2006.09.19"]
[Round "4.5"]
[White "Stanka, Wolfgang"]
[Black "Lach, Willibald"]
[Result "1-0"]
[WhiteElo "1903"]
[BlackElo "1959"]
[PlyCount "93"]
[EventDate "2006.09.16"]

1. e4 e5 2. Nf3 Nc6 3. Bb5 Nd4 4. Nxd4 exd4 5. c3 Qg5 6. Bf1 Bc5 7. d3 Qf6 8.
Qe2 d6 9. g3 Ne7 10. Bg2 c6 11. O-O h5 12. Qf3 Qg6 13. Qf4 Bg4 14. Re1 Qe6 15.
h4 O-O-O 16. Kh2 Ng6 17. Qg5 Qe8 18. f3 f6 19. Qd2 Bd7 20. a4 Ne5 21. b4 dxc3
22. Qxc3 Bxb4 23. Qxb4 Nxd3 24. Qc3 Nxe1 25. Qxe1 g5 26. Qa5 Kb8 27. hxg5 h4
28. g4 c5 29. Bf4 Qe6 30. Qxc5 Bc6 31. Nc3 fxg5 32. Qxg5 h3 33. Bxh3 Qc4 34.
Qf6 Ka8 35. Bxd6 Qd3 36. Rd1 Qc2+ 37. Kg3 Rc8 38. Qd4 Rce8 39. Nb5 Bxb5 40.
axb5 Qb3 41. Ra1 a6 42. bxa6 b6 43. Qd5+ Qxd5 44. exd5 Rd8 45. Be5 Rhe8 46. f4
Ka7 47. d6 1-0

[Event "Graz op-B"]
[Site "Graz"]
[Date "2006.09.19"]
[Round "4.6"]
[White "Gsaxner, Daniel"]
[Black "Grosse, Manfred"]
[Result "1-0"]
[WhiteElo "1816"]
[BlackElo "1939"]
[PlyCount "125"]
[EventDate "2006.09.16"]

1. e4 d5 2. exd5 Nf6 3. d4 Nxd5 4. Nf3 Bg4 5. Be2 g6 6. h3 Bxf3 7. Bxf3 c6 8.
O-O Bg7 9. c3 O-O 10. Na3 Nd7 11. Qb3 e5 12. Bxd5 cxd5 13. dxe5 Nxe5 14. Be3
Qd7 15. Rad1 Rfd8 16. Nc2 Nc4 17. Bd4 Bf8 18. Ne3 b5 19. Qc2 Qc6 20. Ng4 Bg7
21. Bxg7 Kxg7 22. Rfe1 h5 23. Ne3 Rac8 24. a3 Rd7 25. Rd3 Rcd8 26. Qc1 Nb6 27.
Red1 Na4 28. Qd2 Nb6 29. Rd4 a6 30. Qd3 Qe6 31. Qd2 Kh7 32. Kf1 Qd6 33. Kg1 Qe5
34. Re1 Qg5 35. f4 Qf6 36. Rd1 Nc4 37. Nxc4 bxc4 38. Qf2 Qf5 39. Qf3 Kg7 40.
R1d2 Re8 41. Kf2 Qe6 42. Re2 Qxe2+ 43. Qxe2 Rxe2+ 44. Kxe2 Kf6 45. Kf3 Ke6 46.
Rd2 Kd6 47. Re2 Kc6 48. g4 hxg4+ 49. Kxg4 Kb5 50. Kg5 Ka4 51. Rd2 Kb3 52. Kf6
d4 53. cxd4 c3 54. bxc3 Kxc3 55. Rd1 a5 56. Ke5 Kc2 57. Rf1 Kd3 58. d5 a4 59.
d6 Kc4 60. Rc1+ Kb3 61. Rc7 Rd8 62. d7 Kxa3 63. Kd6 1-0

[Event "Graz op-B"]
[Site "Graz"]
[Date "2006.09.19"]
[Round "4.7"]
[White "Brandstetter, Dieter"]
[Black "Lang, Wolfgang"]
[Result "1/2-1/2"]
[WhiteElo "1921"]
[BlackElo "1997"]
[PlyCount "62"]
[EventDate "2006.09.16"]

1. d4 d5 2. c4 c6 3. Nf3 Nf6 4. Nc3 a6 5. c5 Bf5 6. Bf4 Nbd7 7. e3 b6 8. cxb6
Qxb6 9. Qb3 e6 10. Qxb6 Nxb6 11. Rc1 Nfd7 12. Bc7 f6 13. Be2 Ra7 14. Bxb6 Nxb6
15. Nh4 Bg6 16. Nxg6 hxg6 17. Bg4 f5 18. Be2 g5 19. h3 g4 20. Kd2 gxh3 21. Rxh3
Rxh3 22. gxh3 g6 23. Rg1 Kf7 24. Rc1 a5 25. Bd3 Bd6 26. Ne2 Rc7 27. Rc2 c5 28.
dxc5 Rxc5 29. Nd4 Rxc2+ 30. Kxc2 e5 31. Nc6 a4 1/2-1/2

[Event "Graz op-B"]
[Site "Graz"]
[Date "2006.09.19"]
[Round "4.8"]
[White "Meggeneder, Heinrich"]
[Black "Gashi, Veli"]
[Result "1-0"]
[WhiteElo "1911"]
[BlackElo "1996"]
[PlyCount "109"]
[EventDate "2006.09.16"]

1. e4 d6 2. d4 g6 3. Nf3 Bg7 4. c4 Nf6 5. Nc3 O-O 6. Be2 b6 7. O-O Bb7 8. Qc2
a5 9. h3 Nc6 10. a3 Nd7 11. Be3 e6 12. Rfe1 Rc8 13. Rad1 e5 14. d5 Ne7 15. b4
axb4 16. axb4 Ra8 17. Ra1 f5 18. Ng5 Qb8 19. Ne6 Rf7 20. Rxa8 Bxa8 21. Qa4 c6
22. Ra1 Bb7 23. Qa7 fxe4 24. Qxb8+ Nxb8 25. Nd8 cxd5 26. cxd5 Nc8 27. Nxf7 Kxf7
28. Bg4 Na6 29. Nb5 Bf8 30. Rc1 Nxb4 31. Bxc8 Bxd5 32. Bxb6 Bc6 33. Ba5 Bxb5
34. Bxb4 Kf6 35. Rd1 Bd3 36. Ra1 Be7 37. Ra7 h5 38. Ba6 Ke6 39. Bxd3 exd3 40.
Rxe7+ Kxe7 41. f3 Ke6 42. Kf2 d5 43. Ke3 Kf5 44. Kxd3 g5 45. Bd2 h4 46. Ke3 Kf6
47. Kf2 Kf5 48. g3 hxg3+ 49. Kxg3 d4 50. Be1 d3 51. Bd2 Ke6 52. Kg4 Kd5 53.
Kxg5 e4 54. fxe4+ Kxe4 55. h4 1-0

[Event "Graz op-B"]
[Site "Graz"]
[Date "2006.09.19"]
[Round "4.9"]
[White "Stolterfoht, Daniel"]
[Black "Kratschmer, Heinz"]
[Result "1-0"]
[WhiteElo "1859"]
[BlackElo "1993"]
[PlyCount "110"]
[EventDate "2006.09.16"]

1. Nf3 Nf6 2. g3 g6 3. Bg2 Bg7 4. O-O O-O 5. d3 d5 6. Nbd2 Nc6 7. e4 e5 8. Re1
d4 9. Nc4 Re8 10. c3 Bg4 11. h3 Bxf3 12. Bxf3 Qd7 13. Bg2 Rad8 14. Bf1 h6 15.
Qb3 a6 16. Bd2 b5 17. Na3 Bf8 18. Rad1 Na5 19. Qc2 dxc3 20. Qxc3 b4 21. Qc1 Nc6
22. Nc2 Kh7 23. Be3 Nd4 24. Nxd4 exd4 25. Bf4 c5 26. Qc4 Qe6 27. Qxe6 fxe6 28.
h4 e5 29. Bd2 Bd6 30. Be2 Rf8 31. Rc1 Rf7 32. Rf1 Rdf8 33. f4 Nd7 34. Bg4 Nb6
35. f5 Na4 36. Rb1 Kg7 37. Bh3 a5 38. g4 Nb6 39. Rbc1 Na4 40. Rb1 Nb6 41. Rfc1
Rc7 42. b3 a4 43. g5 hxg5 44. hxg5 Ra7 45. f6+ Kf7 46. Kf2 axb3 47. axb3 Na8
48. Bg4 Ra2 49. Ke2 Rh8 50. Rh1 Rxh1 51. Rxh1 Nc7 52. Rh7+ Kf8 53. Rd7 Nb5 54.
Be6 Ra1 55. Rg7 Ke8 1-0

[Event "Graz op-B"]
[Site "Graz"]
[Date "2006.09.19"]
[Round "4.10"]
[White "Jauk, Nadine"]
[Black "Pojer, Hannes"]
[Result "0-1"]
[WhiteElo "1829"]
[BlackElo "1977"]
[PlyCount "102"]
[EventDate "2006.09.16"]

1. e4 c5 2. Nf3 Nc6 3. c3 d5 4. exd5 Qxd5 5. d3 Bg4 6. Nbd2 Bf5 7. Qb3 Qxb3 8.
Nxb3 e5 9. Be3 b6 10. d4 exd4 11. cxd4 cxd4 12. Nbxd4 Nxd4 13. Nxd4 Bb4+ 14.
Ke2 Be4 15. f3 Bb7 16. Kf2 O-O-O 17. Rc1+ Kb8 18. Nb5 Bd2 19. Bxd2 Rxd2+ 20.
Be2 Ba6 21. Rhd1 Rxe2+ 22. Kxe2 Bxb5+ 23. Kf2 Nf6 24. Rd4 Rc8 25. Rcd1 Rc2+ 26.
R4d2 Rxd2+ 27. Rxd2 Bc6 28. b4 Kc7 29. a3 Nd5 30. g3 h6 31. f4 Bb7 32. Rd4 b5
33. h4 Nb6 34. Rd3 Nc4 35. Rc3 Kb6 36. Rd3 Kc7 37. Rc3 Kd6 38. a4 Ba6 39. Rd3+
Ke7 40. axb5 Bxb5 41. Rd5 a6 42. Rc5 g6 43. g4 Nd6 44. Re5+ Kf6 45. g5+ Kg7 46.
Kg3 Nf5+ 47. Kg4 h5+ 48. Kh3 Bf1+ 49. Kh2 Nxh4 50. Rc5 Bb5 51. Kg3 Nf5+ 0-1

[Event "Graz op-B"]
[Site "Graz"]
[Date "2006.09.20"]
[Round "5.1"]
[White "Bilalli, Arsim"]
[Black "Meixner, Helmut"]
[Result "1-0"]
[WhiteElo "1897"]
[BlackElo "1849"]
[PlyCount "151"]
[EventDate "2006.09.16"]

1. e4 c6 2. d4 d5 3. Nc3 dxe4 4. Nxe4 Bf5 5. Ng3 Bg6 6. Nf3 Nd7 7. Bd3 Bxd3 8.
Qxd3 e6 9. O-O Ngf6 10. c4 Be7 11. b3 O-O 12. Bb2 Rc8 13. Rad1 Qa5 14. a4 Rfd8
15. Rfe1 Bf8 16. h3 Qb6 17. Qe3 Qc7 18. Ng5 Re8 19. Qd3 h6 20. N5e4 Nxe4 21.
Qxe4 Nf6 22. Qf3 Be7 23. Re2 b6 24. Rde1 Qd7 25. Bc3 Kf8 26. Qd3 Kg8 27. b4
Rcd8 28. Qf3 Kf8 29. Ne4 Nxe4 30. Qxe4 Kg8 31. Rd1 Bf6 32. Red2 Qc7 33. Rd3 c5
34. bxc5 bxc5 35. Qe1 cxd4 36. Ba5 Qxc4 37. Bxd8 Rxd8 38. a5 Rd5 39. Qd2 Qc7
40. Ra3 Rc5 41. Ra2 e5 42. a6 Bd8 43. Rb1 Qd6 44. Qd3 Bb6 45. Qe4 Qc6 46. Qxc6
Rxc6 47. Kf1 f5 48. Rab2 Ba5 49. Rb7 Rxa6 50. Re7 Bc3 51. Rbb7 Ra1+ 52. Ke2
Ra2+ 53. Kd3 e4+ 54. Kc4 Ra4+ 55. Kb3 Ra1 56. Rxg7+ Kh8 57. Kc4 Ra4+ 58. Kb3
Ra1 59. Rxa7 Rxa7 60. Rxa7 f4 61. Re7 e3 62. fxe3 fxe3 63. Rxe3 Bd2 64. Re7 Bf4
65. Kc4 Bg5 66. Re8+ Kg7 67. Kxd4 Kf6 68. Ke4 Bc1 69. g4 Kg5 70. Rc8 Bd2 71.
Rc5+ Kh4 72. Rh5+ Kg3 73. Kf5 Bc1 74. h4 Bd2 75. g5 hxg5 76. hxg5 1-0

[Event "Graz op-B"]
[Site "Graz"]
[Date "2006.09.20"]
[Round "5.2"]
[White "Stanka, Wolfgang"]
[Black "Saxer, Bernhard"]
[Result "1-0"]
[WhiteElo "1903"]
[BlackElo "1978"]
[PlyCount "55"]
[EventDate "2006.09.16"]

1. e4 c5 2. Nf3 Nc6 3. c3 d5 4. exd5 Qxd5 5. d4 Nf6 6. Be2 cxd4 7. cxd4 Bf5 8.
Nc3 Qa5 9. O-O Rd8 10. Qb3 Qc7 11. Rd1 a6 12. d5 Na5 13. Qa4+ b5 14. Qh4 e5 15.
dxe6 Rxd1+ 16. Nxd1 Bxe6 17. Bf4 Bd6 18. Rc1 Qb8 19. Bh6 gxh6 20. Qxf6 O-O 21.
Ne3 Rc8 22. Rxc8+ Qxc8 23. Qxh6 Qc1+ 24. Bf1 Be7 25. Ng5 Bf5 26. Nxf5 Qxg5 27.
Nxe7+ Qxe7 28. Qxa6 1-0

[Event "Graz op-B"]
[Site "Graz"]
[Date "2006.09.20"]
[Round "5.3"]
[White "Bornet, Rene"]
[Black "Gsaxner, Daniel"]
[Result "1/2-1/2"]
[WhiteElo "1906"]
[BlackElo "1816"]
[PlyCount "70"]
[EventDate "2006.09.16"]

1. d4 f5 2. Nf3 d6 3. Bf4 Nf6 4. h3 g6 5. e3 Bg7 6. Bc4 e6 7. Nbd2 Nc6 8. c3
Qe7 9. O-O h6 10. Re1 Ne4 11. d5 exd5 12. Bxd5 g5 13. Bh2 Nxd2 14. Qxd2 Bd7 15.
Nd4 O-O-O 16. b4 g4 17. hxg4 fxg4 18. Nxc6 Bxc6 19. Bxc6 bxc6 20. Rab1 Be5 21.
Bxe5 Qxe5 22. Qd4 Qe6 23. Qxa7 Kd7 24. b5 cxb5 25. Rxb5 Ra8 26. Qd4 Rhf8 27. a4
g3 28. Qg7+ Rf7 29. Qxg3 Rxa4 30. Qh3 Qxh3 31. gxh3 Ra2 32. Rf1 Rc2 33. Rb3 Rf3
34. h4 c5 35. Ra3 Ke6 1/2-1/2

[Event "Graz op-B"]
[Site "Graz"]
[Date "2006.09.20"]
[Round "5.4"]
[White "Pojer, Hannes"]
[Black "Molnar, Attila"]
[Result "1/2-1/2"]
[WhiteElo "1977"]
[BlackElo "1917"]
[PlyCount "50"]
[EventDate "2006.09.16"]

1. d4 Nf6 2. Bg5 g6 3. c4 Bg7 4. Nc3 d5 5. Bxf6 Bxf6 6. Nxd5 Bg7 7. e3 c5 8.
Ne2 Nc6 9. Ndc3 cxd4 10. exd4 Nxd4 11. Nxd4 Bxd4 12. Qb3 Qb6 13. Qxb6 Bxb6 14.
Nd5 Bd8 15. g3 Bd7 16. Bg2 Rc8 17. b3 b5 18. cxb5 e6 19. Ne3 Bf6 20. Rb1 Bc3+
21. Kd1 Bxb5 22. Bf1 Bc6 23. Bg2 Bb5 24. Bf1 Bc6 25. Bg2 Bb5 1/2-1/2

[Event "Graz op-B"]
[Site "Graz"]
[Date "2006.09.20"]
[Round "5.5"]
[White "Neubauer, Anton"]
[Black "Meggeneder, Heinrich"]
[Result "1-0"]
[WhiteElo "1964"]
[BlackElo "1911"]
[PlyCount "85"]
[EventDate "2006.09.16"]

1. e4 e5 2. Nf3 Nc6 3. Bc4 Nf6 4. d3 Bc5 5. c3 d6 6. Bb3 Bg4 7. h3 Bh5 8. Nbd2
Qe7 9. Nf1 O-O-O 10. Ne3 Bxe3 11. Bxe3 d5 12. exd5 Nxd5 13. Qe2 Rhe8 14. O-O-O
f5 15. g4 fxg4 16. Nd2 Nf4 17. Bxf4 exf4 18. Qxe7 Rxe7 19. hxg4 Bxg4 20. Rdg1
Bf5 21. d4 h6 22. Rh4 g5 23. Rxh6 Rg7 24. Rf6 Ne7 25. Rxf5 Nxf5 26. Be6+ Kb8
27. Bxf5 c5 28. dxc5 Rd5 29. Bg4 Rxc5 30. Rh1 a5 31. Rh8+ Ka7 32. f3 b5 33. Nb3
Re5 34. Nxa5 Kb6 35. Nb3 Re2 36. Nd4 Rg2 37. Rb8+ Ka7 38. Rh8 Kb6 39. Rh6+ Kb7
40. Nf5 Rg8 41. Nd4 Re8 42. Be6 Rd8 43. a3 1-0

[Event "Graz op-B"]
[Site "Graz"]
[Date "2006.09.20"]
[Round "5.6"]
[White "Dimitrijevic, Dragan"]
[Black "Stolterfoht, Daniel"]
[Result "1-0"]
[WhiteElo "1962"]
[BlackElo "1859"]
[PlyCount "57"]
[EventDate "2006.09.16"]

1. Nf3 Nf6 2. c4 c6 3. Nc3 d5 4. d4 Nbd7 5. Qb3 Qb6 6. g3 g6 7. c5 Qxb3 8. axb3
b6 9. cxb6 Nxb6 10. Ne5 Bb7 11. Bg2 e6 12. Bg5 Ng8 13. Nd3 Nd7 14. O-O f6 15.
Bf4 g5 16. Bd2 Bd6 17. e4 Kf7 18. exd5 cxd5 19. Nb5 Bb8 20. Rfc1 a6 21. Nc7 Ra7
22. Bh3 f5 23. Bxg5 Bc8 24. Nxe6 Nb6 25. Nd8+ Kg6 26. Bd2 Ne7 27. Nc6 Rb7 28.
Rxa6 Kf7 29. Nc5 1-0

[Event "Graz op-B"]
[Site "Graz"]
[Date "2006.09.20"]
[Round "5.7"]
[White "Zuchart, Manfred"]
[Black "Thalmeier, Bernd"]
[Result "0-1"]
[WhiteElo "1922"]
[BlackElo "1996"]
[PlyCount "108"]
[EventDate "2006.09.16"]

1. e4 d5 2. exd5 Nf6 3. Nc3 Nxd5 4. Bc4 c6 5. Qf3 e6 6. Nge2 Nd7 7. Ne4 f5 8.
N4g3 Ne5 9. Qb3 Bd6 10. d4 Nxc4 11. Qxc4 O-O 12. Bd2 Bd7 13. O-O-O b5 14. Qd3
c5 15. dxc5 Bxc5 16. Nd4 Bxd4 17. Qxd4 b4 18. Bxb4 Rf7 19. Kb1 Qc7 20. Ba3 Rb8
21. c4 Qa5 22. cxd5 Qxa3 23. Rd3 Rxb2+ 24. Qxb2 Qxd3+ 25. Ka1 Qxd5 26. f3 Qb5
27. Qc3 Qc6 28. Qb2 Qd6 29. Rb1 Bc6 30. Qb8+ Qxb8 31. Rxb8+ Rf8 32. Rxf8+ Kxf8
33. Ne2 e5 34. Nc3 Ke7 35. Kb2 Kd6 36. Nd1 Kc5 37. Kc3 Bb5 38. a3 a5 39. Nf2
Kd5 40. Nd1 f4 41. Nb2 g5 42. Kd2 e4 43. fxe4+ Kxe4 44. Nd1 Kd4 45. Nf2 Bd7 46.
Nd3 h5 47. Nc1 a4 48. Ne2+ Kc4 49. Nc1 Bf5 50. Ne2 Kc5 51. g3 f3 52. Nc1 Kd4
53. Na2 Bd3 54. Nc1 Bc4 0-1

[Event "Graz op-B"]
[Site "Graz"]
[Date "2006.09.20"]
[Round "5.8"]
[White "Fischer, Werner"]
[Black "Knoll, Martin"]
[Result "1-0"]
[WhiteElo "1811"]
[BlackElo "1991"]
[PlyCount "93"]
[EventDate "2006.09.16"]

1. c4 c6 2. Nc3 g6 3. g3 Bg7 4. Bg2 e5 5. e3 f5 6. Nge2 Nf6 7. a3 a5 8. d4 e4
9. b3 O-O 10. Bb2 d5 11. cxd5 cxd5 12. O-O Nc6 13. Qd2 Be6 14. Rac1 Bf7 15. Nb5
Re8 16. Rc2 Bf8 17. Nec3 Qb6 18. Rfc1 g5 19. Bf1 h5 20. Na4 Qd8 21. Nc5 Bxc5
22. dxc5 Be6 23. Nd6 Rf8 24. Nxb7 Qb8 25. Nd6 Ng4 26. Qc3 Nge5 27. Bb5 d4 28.
exd4 Nxd4 29. Kg2 Nef3 30. Bc4 Kh7 31. Rd1 Bxc4 32. Rxd4 Qxb3 33. Rxc4 Ne1+ 34.
Kf1 Qxc3 35. R2xc3 Nd3 36. Rb3 Rab8 37. Rxb8 Rxb8 38. Bd4 f4 39. Ke2 fxg3 40.
hxg3 h4 41. Nxe4 Nb2 42. Rc2 hxg3 43. fxg3 Re8 44. Rxb2 Rxe4+ 45. Kd3 Rg4 46.
Be5 Ra4 47. Rb3 1-0

[Event "Graz op-B"]
[Site "Graz"]
[Date "2006.09.20"]
[Round "5.9"]
[White "Lukas, Wolfgang"]
[Black "Brandstetter, Dieter"]
[Result "1/2-1/2"]
[WhiteElo "1983"]
[BlackElo "1921"]
[PlyCount "92"]
[EventDate "2006.09.16"]

1. e4 c5 2. Nf3 d6 3. d4 cxd4 4. Nxd4 Nf6 5. Nc3 a6 6. Be2 e6 7. Be3 Be7 8. Qd2
Qc7 9. O-O-O b5 10. a3 Bb7 11. f3 Nbd7 12. g4 Nb6 13. Ndxb5 axb5 14. Nxb5 Qc6
15. Nxd6+ Bxd6 16. Qxd6 Nfd7 17. Rd2 Qxd6 18. Rxd6 Ba6 19. Bxa6 Rxa6 20. Rhd1
Ke7 21. Rc6 Rc8 22. Rdd6 Rb8 23. Bf2 Rb7 24. h4 h6 25. h5 Rc7 26. b3 Ne5 27.
Rxb6 Rxb6 28. Rxb6 Nd3+ 29. Kd2 Nxf2 30. a4 Nh3 31. a5 Kd8 32. Rb8+ Kd7 33. a6
Ra7 34. Rg8 Ng5 35. Ke3 Rxa6 36. Rxg7 Ke7 37. f4 Nh3 38. Rh7 Ra2 39. Kd2 Nxf4
40. Rxh6 Nh3 41. Rh8 Nf2 42. Rg8 Nxe4+ 43. Ke3 Nf6 44. h6 Rxc2 45. g5 Nh7 46.
g6 fxg6 1/2-1/2

[Event "Graz op-B"]
[Site "Graz"]
[Date "2006.09.20"]
[Round "5.10"]
[White "Muhr, Andreas"]
[Black "Legenstein, Robert"]
[Result "1/2-1/2"]
[WhiteElo "1635"]
[BlackElo "1966"]
[PlyCount "103"]
[EventDate "2006.09.16"]

1. e4 e5 2. Ne2 Nf6 3. Nbc3 d5 4. exd5 Nxd5 5. d4 Nxc3 6. bxc3 exd4 7. cxd4 Be7
8. a4 O-O 9. Ba3 Re8 10. Qd3 Bf6 11. Bb2 c5 12. O-O-O Nc6 13. dxc5 Bxb2+ 14.
Kxb2 Qf6+ 15. Qc3 Qxf2 16. Nc1 Be6 17. Bb5 Red8 18. Nd3 Qh4 19. g3 Qg4 20. h3
Qf3 21. Rhf1 Qd5 22. Nb4 Qe4 23. Rf4 Qg2 24. Bf1 Qh1 25. Rd6 a5 26. Na2 Rxd6
27. cxd6 Qd5 28. Bc4 Qxd6 29. Bxe6 Qxe6 30. Qc4 Qd7 31. Qb5 Re8 32. Qd3 Qxd3
33. cxd3 Re3 34. Re4 Rxe4 35. dxe4 Kf8 36. Kc3 Ke7 37. Nc1 Kd6 38. Nd3 Ne5 39.
Nf4 Kc5 40. g4 g6 41. Nd5 Nf3 42. Nf6 h6 43. Nd7+ Kd6 44. Nb6 Ne5 45. Kd4 Nc6+
46. Kc4 Ke5 47. Nd7+ Kxe4 48. Nc5+ Ke3 49. Nxb7 f5 50. gxf5 gxf5 51. Nd6 f4 52.
Nf5+ 1/2-1/2

[Event "Graz op-B"]
[Site "Graz"]
[Date "2006.09.21"]
[Round "6.1"]
[White "Bilalli, Arsim"]
[Black "Stanka, Wolfgang"]
[Result "1/2-1/2"]
[WhiteElo "1897"]
[BlackElo "1903"]
[PlyCount "70"]
[EventDate "2006.09.16"]

1. e4 c6 2. d4 d5 3. Nc3 dxe4 4. Nxe4 Bf5 5. Ng3 Bg6 6. Nf3 Nd7 7. Bd3 Qc7 8.
Be3 e6 9. Qd2 Ngf6 10. O-O Bd6 11. c4 O-O 12. Bxg6 hxg6 13. Rad1 Rad8 14. Ne2
e5 15. Ng3 exd4 16. Bxd4 Rfe8 17. Qc2 Nc5 18. b4 Ne6 19. Bc3 b6 20. Rfe1 Nf4
21. c5 bxc5 22. bxc5 Bf8 23. Be5 Rxe5 24. Rxe5 Ng4 25. Ree1 Rxd1 26. Rxd1 Nd5
27. h3 Nge3 28. fxe3 Nxe3 29. Qd3 Nxd1 30. Ne4 Qf4 31. Nd6 Qc1 32. Qd4 Ne3+ 33.
Kh2 Nf1+ 34. Kg1 Ne3+ 35. Kh2 Nf1+ 1/2-1/2

[Event "Graz op-B"]
[Site "Graz"]
[Date "2006.09.21"]
[Round "6.2"]
[White "Gsaxner, Daniel"]
[Black "Neubauer, Anton"]
[Result "1-0"]
[WhiteElo "1816"]
[BlackElo "1964"]
[PlyCount "54"]
[EventDate "2006.09.16"]

1. d4 d5 2. Nf3 Nf6 3. b3 Nbd7 4. Bb2 e6 5. e3 Bd6 6. Nbd2 c6 7. Bd3 b6 8. c4
Bb7 9. Rc1 Qe7 10. O-O O-O 11. Re1 Rfe8 12. e4 Bf4 13. cxd5 cxd5 14. e5 Ne4 15.
Rc7 Rab8 16. Nxe4 dxe4 17. Bxe4 Bxe4 18. Rxe4 Bh6 19. d5 Rec8 20. d6 Qd8 21.
Rec4 Nc5 22. Rxc8 Rxc8 23. b4 Nd7 24. Qc2 Ra8 25. g3 g6 26. Rc7 Kf8 27. Qc6 Ke8
1-0

[Event "Graz op-B"]
[Site "Graz"]
[Date "2006.09.21"]
[Round "6.3"]
[White "Meixner, Helmut"]
[Black "Dimitrijevic, Dragan"]
[Result "0-1"]
[WhiteElo "1849"]
[BlackElo "1962"]
[PlyCount "72"]
[EventDate "2006.09.16"]

1. d4 Nf6 2. c4 e6 3. Nf3 c5 4. e3 Be7 5. Nc3 O-O 6. Bd3 b6 7. d5 exd5 8. cxd5
d6 9. h3 Ba6 10. O-O Re8 11. Re1 Bf8 12. e4 Bxd3 13. Qxd3 a6 14. a4 Nbd7 15.
Bf4 Ne5 16. Nxe5 dxe5 17. Bd2 Bd6 18. Nd1 Qd7 19. Ne3 b5 20. b3 g6 21. a5 Qe7
22. Ng4 Nxg4 23. hxg4 f6 24. Rec1 Rec8 25. Rc2 Rc7 26. g3 Qd7 27. Qe2 f5 28.
gxf5 gxf5 29. f3 Qg7 30. Qg2 Rf8 31. Bc3 fxe4 32. fxe4 Rcf7 33. Raa2 Rf3 34.
Be1 Qg4 35. Qe2 Qh3 36. Qg2 Rf1+ 0-1

[Event "Graz op-B"]
[Site "Graz"]
[Date "2006.09.21"]
[Round "6.4"]
[White "Thalmeier, Bernd"]
[Black "Bornet, Rene"]
[Result "1-0"]
[WhiteElo "1996"]
[BlackElo "1906"]
[PlyCount "73"]
[EventDate "2006.09.16"]

1. c4 g6 2. Nc3 Bg7 3. g3 e5 4. Bg2 d6 5. Nf3 Nf6 6. d4 exd4 7. Nxd4 O-O 8. O-O
Nbd7 9. Bg5 h6 10. Bd2 Re8 11. Nc2 Ne5 12. b3 Nc6 13. e4 Bg4 14. f3 Bd7 15. Qe2
Kh7 16. Rae1 Nh5 17. Qd1 a6 18. a4 Nd4 19. Nxd4 Bxd4+ 20. Kh1 Bg7 21. Nd5 Nf6
22. Be3 Bc6 23. Bd4 Bxd5 24. cxd5 Nd7 25. f4 Bxd4 26. Qxd4 Nc5 27. b4 Nxa4 28.
e5 Nb6 29. e6 f5 30. g4 Re7 31. gxf5 gxf5 32. Bh3 Qf8 33. Rg1 Rae8 34. Rg3 Rg7
35. Reg1 Ree7 36. Bxf5+ Kg8 37. Bg6 1-0

[Event "Graz op-B"]
[Site "Graz"]
[Date "2006.09.21"]
[Round "6.5"]
[White "Saxer, Bernhard"]
[Black "Lach, Willibald"]
[Result "1-0"]
[WhiteElo "1978"]
[BlackElo "1959"]
[PlyCount "73"]
[EventDate "2006.09.16"]

1. e4 e5 2. Nf3 Nf6 3. d3 Nc6 4. Nbd2 d6 5. c3 Bg4 6. h3 Bh5 7. g4 Bg6 8. Nc4
h5 9. g5 Nd7 10. Nh4 Be7 11. Nxg6 fxg6 12. h4 O-O 13. Be3 Nb6 14. d4 d5 15.
Nxe5 Nxe5 16. dxe5 dxe4 17. Qb3+ Qd5 18. Qxd5+ Nxd5 19. Bc4 c6 20. O-O-O Rfd8
21. Rd4 Kh7 22. Bxd5 Rxd5 23. Rxd5 cxd5 24. Rd1 Rd8 25. Bxa7 Ra8 26. Be3 Rd8
27. Bb6 Rf8 28. Rxd5 Rf5 29. Bd4 Kg8 30. Rd7 Kf8 31. Rxb7 Bxg5+ 32. hxg5 h4 33.
e6 h3 34. Rxg7 Rxg5 35. Rh7 Rg1+ 36. Kd2 Rh1 37. Bf6 1-0

[Event "Graz op-B"]
[Site "Graz"]
[Date "2006.09.21"]
[Round "6.6"]
[White "Kiraly, Ferenc"]
[Black "Pojer, Hannes"]
[Result "0-1"]
[WhiteElo "1945"]
[BlackElo "1977"]
[PlyCount "128"]
[EventDate "2006.09.16"]

1. e4 c5 2. Nf3 Nc6 3. d4 cxd4 4. Nxd4 d5 5. Nxc6 bxc6 6. exd5 Qxd5 7. Qxd5
cxd5 8. Bb5+ Bd7 9. Bxd7+ Kxd7 10. O-O e6 11. Be3 Be7 12. Nd2 Bf6 13. Rab1 h5
14. Rfd1 Ne7 15. Ne4 Rhc8 16. c3 Nf5 17. Rd3 Be5 18. Ng3 Bxg3 19. hxg3 Nxe3 20.
fxe3 Ke7 21. Rbd1 f5 22. Rd4 Rc5 23. Rb4 Rac8 24. Rdd4 Kd6 25. Rb7 R8c7 26.
Rdb4 Ke5 27. Kf2 g6 28. Kf3 Kf6 29. Rb8 Ra5 30. a3 Ra6 31. Rf8+ Kg7 32. Rbb8
Rf7 33. Rfc8 Kf6 34. Rb5 Rd7 35. Rf8+ Kg7 36. Rbb8 Rf7 37. Rfc8 Kf6 38. c4 dxc4
39. Rxc4 Rd7 40. Rf8+ Kg7 41. Rb8 Kf6 42. Rf8+ Kg7 43. Rfc8 Rd2 44. Rb4 Rad6
45. Rc7+ Kf6 46. Rd4 g5 47. Rxd2 Rxd2 48. e4 Rxb2 49. Rxa7 g4+ 50. Ke3 Rxg2 51.
exf5 Rxg3+ 52. Kf2 Rf3+ 53. Kg2 exf5 54. a4 h4 55. a5 h3+ 56. Kh2 Rf2+ 57. Kg3
Rg2+ 58. Kf4 Rf2+ 59. Kg3 Rf3+ 60. Kh2 Ra3 61. a6 Kg5 62. Rg7+ Kf4 63. a7 Ra2+
64. Kh1 Kg3 0-1

[Event "Graz op-B"]
[Site "Graz"]
[Date "2006.09.21"]
[Round "6.7"]
[White "Molnar, Attila"]
[Black "Nauschnegg, Gerald"]
[Result "1-0"]
[WhiteElo "1917"]
[BlackElo "1923"]
[PlyCount "73"]
[EventDate "2006.09.16"]

1. e4 c5 2. Nc3 Nc6 3. g3 Nf6 4. Bg2 e6 5. Nge2 Be7 6. O-O O-O 7. h3 d6 8. d3
b6 9. e5 Nd5 10. Nxd5 exd5 11. Bxd5 Qc7 12. exd6 Bxd6 13. Bg2 Bb7 14. Nf4 Rfe8
15. Be3 Be5 16. c3 Rad8 17. Qc2 Qd7 18. Rad1 Bf6 19. Nd5 Ne5 20. c4 Bxd5 21.
cxd5 Qf5 22. g4 Qd7 23. d4 cxd4 24. Bxd4 Rc8 25. Qb1 Rc4 26. Be3 Qd6 27. Rc1 h6
28. Rfd1 Rec8 29. b3 R4c7 30. Kf1 Kf8 31. Rxc7 Rxc7 32. Bf4 g5 33. Bg3 Qc5 34.
Qf5 Qc2 35. Re1 Qxf5 36. gxf5 Nd3 37. Bxc7 1-0

[Event "Graz op-B"]
[Site "Graz"]
[Date "2006.09.21"]
[Round "6.8"]
[White "Gashi, Veli"]
[Black "Fischer, Werner"]
[Result "1-0"]
[WhiteElo "1996"]
[BlackElo "1811"]
[PlyCount "72"]
[EventDate "2006.09.16"]

1. d4 d5 2. g3 Nf6 3. Bg2 g6 4. Nf3 Bg7 5. O-O O-O 6. b3 c6 7. c4 Bg4 8. Bb2
Bxf3 9. exf3 dxc4 10. bxc4 e6 11. Nc3 Qc7 12. Qe2 Re8 13. f4 Nbd7 14. a4 a5 15.
Rab1 Rad8 16. Rfd1 b6 17. Qf3 Nb8 18. h3 Rd7 19. Qe3 Red8 20. Ba1 Ne8 21. d5
cxd5 22. cxd5 Bxc3 23. Bxc3 exd5 24. Qd4 f6 25. Rxb6 Nc6 26. Qc5 Ne7 27. Qxc7
Rxc7 28. Bxa5 Rc4 29. Re6 Rd7 30. Rxe7 Rxe7 31. Bxd5+ Kg7 32. Bxc4 Ra7 33. Bb5
Rxa5 34. Bxe8 h5 35. Bb5 Kf7 36. Rd6 Ra7 1-0

[Event "Graz op-B"]
[Site "Graz"]
[Date "2006.09.21"]
[Round "6.9"]
[White "Meggeneder, Heinrich"]
[Black "Kratschmer, Heinz"]
[Result "0-1"]
[WhiteElo "1911"]
[BlackElo "1993"]
[PlyCount "74"]
[EventDate "2006.09.16"]

1. e4 c5 2. Nf3 g6 3. d4 cxd4 4. Nxd4 Nc6 5. c4 Nf6 6. Nc3 d6 7. Be2 Nxd4 8.
Qxd4 Bg7 9. Be3 O-O 10. Qd2 Be6 11. Rc1 Qa5 12. O-O Rfc8 13. b3 a6 14. f3 b5
15. Nd5 Qxd2 16. Bxd2 Nxd5 17. cxd5 Bd4+ 18. Kh1 Bd7 19. Rxc8+ Rxc8 20. Rc1
Rxc1+ 21. Bxc1 f5 22. g3 fxe4 23. fxe4 Bh3 24. Bf3 Bf1 25. b4 Kf7 26. h4 Kf6
27. Kh2 Bc3 28. a3 e6 29. Bg5+ Kf7 30. Bc1 exd5 31. exd5 Bc4 32. Kh3 Bf1+ 33.
Kh2 Bd3 34. Kg2 Bd4 35. g4 Kf6 36. Bg5+ Ke5 37. Bh6 Be4 0-1